Experiments in alternating current circuits / (Record no. 12844)

MARC details
000 -LEADER
fixed length control field 00565nam a2200157 a 4500
100 1# - MAIN ENTRY--AUTHOR NAME
Personal name Reid, Robert L.
245 10 - TITLE STATEMENT
Title Experiments in alternating current circuits /
260 ## - PUBLICATION, DISTRIBUTION, ETC. (IMPRINT)
Place of publication [S.l.] :
Name of publisher Prentice-Hall,
Year of publication 1968.
300 ## - PHYSICAL DESCRIPTION
Number of Pages 120 p.
490 1# - SERIES STATEMENT
Series statement Prentice-hall series in electronic technology.
856 40 - ELECTRONIC LOCATION AND ACCESS
Uniform Resource Identifier http://www.amazon.com/exec/obidos/ASIN/B0007DE1SW/chopaconline-20
Holdings
Withdrawn status Lost status Home library Current library Date acquired Cost, normal purchase price Full call number Accession Number Koha item type
    Central Library, QUEST, Nawabshah Central Library, QUEST, Nawabshah 02/04/2015 161.19 REI 8702 Books